Alberta
Sparad:
| Huvudupphovsman: | |
|---|---|
| Materialtyp: | Bok |
| Språk: | Undetermined |
| Publicerad: |
Alberta, Canada
Weigl
2001
|
| Ämnen: | |
| Taggar: |
Lägg till en tagg
Inga taggar, Lägg till första taggen!
|
| Thư viện lưu trữ: | Trung tâm Học liệu Trường Đại học Cần Thơ |
|---|
| LEADER | 00447nam a2200181Ia 4500 | ||
|---|---|---|---|
| 001 | CTU_56099 | ||
| 008 | 210402s9999 xx 000 0 und d | ||
| 082 | |a 971.23 | ||
| 082 | |b B394 | ||
| 100 | |a Harry Beckett | ||
| 245 | 0 | |a Alberta | |
| 245 | 0 | |c Harry Beckett | |
| 260 | |a Alberta, Canada | ||
| 260 | |b Weigl | ||
| 260 | |c 2001 | ||
| 650 | |a alberta | ||
| 650 | |x juvenile literature | ||
| 980 | |a Trung tâm Học liệu Trường Đại học Cần Thơ | ||